Zgadnij co to za postać z Miraculous | Część #15 - Statystyki

Ogólne statystyki
  • Ten quiz został rozwiązany 25 razy
  • Średni wynik to 4 z 14
Statystyki odpowiedzi
Obrazkowy Odpowiedź % Poprawnych
FCFaul
88%
Iluzja
65%
Ryzykant
59%
Kontratak
35%
Zadeptucha
29%
Pasja
24%
Perfekta
24%
Szyderstwo
24%
Determinacja
18%
Doskonałość
18%
Migracja
18%
Transmisja
18%
Wielka Radość
18%
Objawienie
12%
Nie znaleziono quizów pasujących do podanych kryteriów
Rozkład punktacji
Procent ludzi z każdym wynikiem
Percentyl według liczby udzielonych odpowiedzi
Twoja historia wyników
Nie rozwiązałeś tego quizu